Every Flag that can be Considered "Stars and Stripes" - Statistics

General Stats
  • This quiz has been taken 10 times
  • The average score is 9 of 10
Answer Stats
Picture Answer % Correct
Australia
100%
Dominica
100%
New Zealand
100%
Saint Kitts and Nevis
100%
Tuvalu
100%
United States
100%
Comoros
86%
Uzbekistan
86%
Burundi
71%
Cape Verde
71%
No matching quizzes found
Score Distribution
Percent of People with Each Score
Percentile by Number Answered
Your Score History
You have not taken this quiz